01058 2200349 4500001002100000005001500021035002000036007000300056008004100059020002200100040002200122082001200144084001400156090001800170090002100188100002500209245013400234250002600368300004800394500001100442650002500453700002300478850001200501041000800513504003300521264003800554336002100592337003000613338002300643999002100666990002100687INLIS00000000084488120190717103511 a0010-0319000404ta190326r2018 yoia g 1 ind d a978-602-5610-50-9 aYOPDYOGbinderda04223a361 a361 ABD i aDEP 361 ABD i aCB-D.11 2018-9690 aAbdul Majidepenulis1 aIntegrasi kesejahteraan sosial dan pekerjaan sosial :bmenuju pembangunan kesejahteraan sosial /cAbdul Najib; editor, Alviana C. aCetakan I, Maret 2018 ax, 268 halaman :bilustrasi, tabel ;c24 cm aIndeks 4aKesejahteraan sosial0 aAlviana C.eeditor aYOPDYOG0 aind aBibliografi: halaman 251-25931aYogyakarta :bSamudra Biru,c2018 2rdacontentateks 2rdamediaatanpa perantara 2rdacarrieravolume aCB-D.11/2018-969 aCB-D.11/2018-969